On This Day: March 6th II Quiz Stats

 Plays Quiz Updated Mar 6, 2018

Score 0/7 Timer 03:00
0 Plays Today
Question Answer Wrong Answers
This Spanish professional football club, which was recognized as the FIFA Club of the 20th Century in 2000, is founded.
1902
Real Madrid C.F.
82.9%
Arsenal F.C.
7.6%
Juventus F.C.
2.9%
A.C. Milan
5.4%
The Zapruder film, the most complete video depicting the assassination of this man, is shown in motion to a national TV audience for the first time.
1975
John F. Kennedy
82.7%
Robert F. Kennedy
7.3%
Harvey Milk
2.3%
Martin Luther King Jr.
5.3%
This Colombian author and Nobel Prize laureate, known for works like ‘Love in the Time of Cholera’, is born.
1927
Gabriel García Márquez
71.8%
Julio Cortázar
6.5%
Pablo Neruda
12.6%
Paulo Coelho
7.5%
The Supreme Court of the United States rules in the ______ case, affirming the rights of slave owners to take their slaves into the Western territories.
1857
Dred Scott v. Sandford
62.3%
Plessy v. Ferguson
16.2%
McCulloch v. Maryland
12.7%
Gibbons v. Ogden
8.1%
Constantine II becomes the last King of ______ before the monarchy is abolished in 1973.
1964
Greece
52.5%
Turkey
28.1%
Romania
6.8%
Cyprus
10.3%
York, Upper Canada, is incorporated as ______.
1834
Toronto
48.6%
Vancouver
16.7%
Calgary
19.9%
Montreal
14.7%
This Nation of Islam leader officially gives boxing champion Cassius Clay the name Muhammad Ali.
1964
Elijah Muhammad
31.5%
Malcolm X
41.6%
Louis Farrakhan
23%
Marcus Garvey
1.9%

You're not logged in!

Compare scores with friends on all Sporcle quizzes.
OR
Log In

Sporcle TV

Today on Sporcle TV


Watch our educational content, quiz creation guides, and fun videos on Sporcle TV.

Show Comments

Extras

Top Quizzes Today


Score Distribution

Your Account Isn't Verified!

In order to create a playlist on Sporcle, you need to verify the email address you used during registration. Go to your Sporcle Settings to finish the process.

Report this User

Report this user for behavior that violates our Community Guidelines.

Details: